000 00767cam a2200205 a 4500
001 000002607
005 20200929150225.0
008 050927s2002 mx b 000 0 spa
020 _a9688345725
040 _aDO-SdBNP
_bspa
_cBNPHU
082 _aM863.6409
_bG216t
100 1 _aGarcía Díaz, Teresa
_98216
245 1 4 _aDel Tajín a Venecia :
_bun regreso a ninguna parte /
_cTeresa García Díaz.
260 _aXalapa, Veracruz, México :
_bInstituto de Investigaciones Lingüístico-Literarias, Universidad Veracruzana,
_c2002.
300 _a261 p. ;
_c23 cm.
440 0 _aCuadernos ;
_v46
_98011
504 _aIncluye referencias bibliográficas p. 251-261.
600 1 0 _aPITOL, SERGIO,
_d1933-
_xCRÍTICA E INTERPRETACIÓN
_98217
650 4 _aNovela mexicana
_93959
999 _c2443
_d2443